[Event "25th European Club Cup Women 2021"]
[Site "Struga"]
[Date "2021.09.20"]
[Round "3.5"]
[White "Unuk, Laura"]
[Black "Saduakassova, Dinara"]
[Result "1/2-1/2"]
[WhiteElo "2389"]
[BlackElo "2489"]
[Annotator "TA"]
[PlyCount "152"]
[EventDate "2021.09.18"]
[EventType "team-tourn"]
[EventCountry "MKD"]
[SourceTitle "playchess.com"]
[Source "ChessBase"]
[SourceQuality "1"]

{[%evp 19,152,4,18,0,18,18,8,-14,36,52,48,40,64,64,66,57,64,39,63,65,96,93,94,
94,104,107,100,99,87,86,95,95,100,98,97,78,188,185,188,197,214,70,172,132,156,
46,81,0,0,0,8,8,8,8,20,4,16,8,14,0,0,0,10,11,27,20,70,65,86,9,9,9,9,0,0,0,26,8,
26,23,14,8,8,8,8,0,0,0,0,0,0,0,0,0,0,0,8,0,0,0,0,0,6,0,8,0,0,0,0,0,8,0,0,0,0,0,
0,0,0,0,0,0,0,0,0,0,0,0,0,0,0,0,0,0,0]} 1. d4 Nf6 2. c4 e6 3. Nf3 b6 4. g3 Ba6
5. b3 Bb4+ 6. Bd2 Be7 7. Nc3 d5 8. cxd5 exd5 9. Bg2 O-O 10. O-O Re8 11. Rc1 {
E15: Queen's Indian: 4 g3 sidelines, 4 g3 Ba6 and 4 g3 Bb7 early deviations.}
Nbd7 12. Ne5 Bb7 13. Bg5 Nf8 14. b4 Ne6 {[#]} 15. h4 $146 ({Predecessor:} 15.
Bxf6 Bxf6 16. e3 a6 17. Nd3 c6 18. Qb3 Qd6 19. Na4 Qd8 20. Rfe1 Rb8 21. a3 {
1-0 (47) Moskalenko,A (2514)-Swiercz,D (2649) Minsk 2017}) 15... c6 16. b5 cxb5
17. Nxb5 a6 18. Nc3 Rc8 19. e3 Bb4 20. Qb3 Bxc3 21. Rxc3 Rxc3 22. Qxc3 Nxg5 23.
hxg5 Ne4 24. Bxe4 dxe4 25. Qc4 Bd5 26. Qxa6 Qxg5 27. Qxb6 h5 (27... f6 $16 28.
Nc6 Bxa2) 28. Qb5 $18 Qd8 29. a4 h4 {[#]} 30. gxh4 ({White must play} 30. a5 $1
$18) 30... Be6 (30... Re6 $1 $14 31. Rb1 Kh7) 31. Kg2 Rf8 {[#]} 32. Rh1 (32.
Kg3 $1 $16) 32... Qf6 $1 $14 33. Qb7 (33. Rc1 $16) 33... Qf5 $11 {Threatening .
..f6.} 34. f3 exf3+ 35. Qxf3 Qc2+ 36. Kg3 {Strongly threatening h5.} f6 {[#]}
37. Rh2 $1 Qxa4 (37... Qb3 38. Ng6) 38. Ng6 $36 {[%mdl 2048] White fights for
an advantage.} Re8 39. h5 Qb3 40. h6 gxh6 41. Nf4 {Hoping for Rg2.} ({Don't
blunder} 41. Qxf6 $2 Qxe3+ 42. Qf3 Qg5+ 43. Kf2 Bd5 $19) 41... Bf7 42. Kf2 Qc2+
43. Ne2 Bc4 44. Rg2+ (44. Rxh6 $16 Bxe2 45. Qxe2 Qf5+ 46. Qf3 Qxf3+ 47. Kxf3)
44... Kf7 45. Qh5+ Ke7 46. Qc5+ Kf7 47. Qh5+ Ke7 48. Kg1 {And now Rg7+ would
win.} Rg8 49. Qc5+ Kd7 $1 50. Rxg8 {Threatening mate with Rg7+.The position is
equal.} Qd1+ 51. Kh2 {Intending Rg7+ and mate.} Bxg8 52. Qa7+ (52. Nf4 {
feels hotter.} Qd2+ 53. Ng2 Qe2 54. Kg3 Be6 55. Qa7+) 52... Ke8 53. Qa8+ Ke7
54. Qb7+ (54. Nf4 {is interesting.} Bf7 55. Qa3+ Ke8 56. Qc3 Qf3 57. Qc8+)
54... Kf8 55. Qb8+ (55. Qa6 {keeps more tension.} Kg7 56. Qb7+ Kf8) 55... Kg7
56. Qg3+ Kf8 57. Qd6+ (57. Qf2 {feels hotter.} Ke7 58. Nf4 Bf7 59. e4 Ke8 60.
Qe3) 57... Ke8 58. Qb8+ Ke7 59. Qc7+ (59. Qb4+ {looks sharper.} Kf7 60. Nf4 Qf3
61. Qd2 Ke8 62. d5) 59... Ke8 60. Qc6+ (60. Qb8+ {with more complications.})
60... Ke7 61. Qe4+ (61. Nf4 {is more complex.} Qd2+ 62. Ng2 Qa5 63. Qe4+ Kf8
64. Qf3) 61... Kf8 62. Nf4 (62. Ng3 {keeps more tension.} Bb3 63. Qa8+ Kg7 64.
Nf5+ Kg6 65. Nh4+) 62... Bf7 63. Qa8+ Kg7 64. Qg2+ Kf8 65. d5 Qe1 66. Qf3 f5
67. Ng2 (67. Kh3 {seems wilder.} Qd2 68. e4 fxe4 69. Qxe4 Qc3+ 70. Kg4) 67...
Qd2 68. Qxf5 Qxd5 69. Qxd5 Bxd5 {[%mdl 4096] Endgame KB-KN} 70. Nf4 Bf7 71. Kg3
Ke7 72. Kg4 Kf6 73. Nh5+ Bxh5+ 74. Kxh5 Ke5 75. e4 Kxe4 76. Kxh6 Ke5 {Blacks
defense is rewarded with a draw.  Weighted Error Value: White=0.15/Black=0.10}
1/2-1/2

[Event "25th European Club Cup Women 2021"]
[Site "Struga"]
[Date "2021.09.20"]
[Round "3.6"]
[White "Gunina, Valentina"]
[Black "Cvitan, Ena"]
[Result "0-1"]
[WhiteElo "2446"]
[BlackElo "2284"]
[Annotator "NA"]
[PlyCount "138"]
[EventDate "2021.09.18"]
[EventType "team-tourn"]
[EventCountry "MKD"]
[SourceTitle "playchess.com"]
[Source "ChessBase"]
[SourceQuality "1"]
[TimeControl "40/5400+30:1800+30"]

1. d4 {[%emt 1:31:00]} d5 {[%emt 0:00:16]} 2. c4 {[%emt 0:00:00]} e6 {[%emt 0:
00:08]} 3. Nf3 {[%emt 0:00:00]} a6 {[%emt 0:01:05]} 4. cxd5 {[%emt 0:00:00]}
exd5 {[%emt 0:00:08]} 5. Nc3 {[%emt 0:00:00]} Nf6 {[%emt 0:00:22]} 6. Bg5 {
[%emt 0:00:00]} Be6 {[%emt 0:00:19]} 7. e3 {[%emt 0:00:00]} Nbd7 {[%emt 0:00:
29]} 8. Bd3 {[%emt 0:00:00]} Bd6 {[%emt 0:00:28]} 9. O-O {[%emt 0:00:00]} c6 {
[%emt 0:00:20]} 10. h3 {[%emt 0:00:00]} Qc7 {[%emt 0:02:28]} 11. Qd2 {[%emt 0:
00:00]} h6 {[%emt 0:01:49]} 12. Bf4 {[%emt 0:00:00]} g5 {[%emt 0:00:33]} 13.
Bxd6 {[%emt 0:00:00]} Qxd6 {[%emt 0:00:09]} 14. Nh2 {[%emt 0:00:00]} Rg8 {
[%emt 0:10:58]} 15. f3 {[%emt 0:00:00]} h5 {[%emt 1:18:28]} 16. Be2 {[%emt 0:
07:30]} g4 {[%emt 0:00:00]} 17. fxg4 {[%emt 0:00:00]} hxg4 {[%emt 0:00:00]} 18.
hxg4 {[%emt 0:00:00]} O-O-O {[%emt 0:01:30]} 19. Rf4 {[%emt 0:01:30]} Rg7 {
[%emt 0:00:30]} 20. Raf1 {[%emt 0:00:00]} Rh8 21. R1f2 {[%emt 0:01:00]} Nf8 {
[%emt 0:00:00]} 22. g3 Ne4 {[%emt 0:01:30]} 23. Rxe4 {[%emt 0:01:00]} dxe4 {
[%emt 0:00:00]} 24. Nxe4 {[%emt 0:00:30]} Qc7 {[%emt 0:00:00]} 25. Qb4 {
[%emt 0:00:30]} a5 {[%emt 0:01:30]} 26. Qd6 {[%emt 0:00:30]} Bxa2 {[%emt 0:00:
30]} 27. Qf6 {[%emt 0:00:30]} Ne6 {[%emt 0:00:30]} 28. Bf3 {[%emt 0:00:30]} Bd5
{[%emt 0:00:00]} 29. Nf1 {[%emt 0:00:30]} Rgh7 {[%emt 0:00:00]} 30. g5 {
[%emt 0:00:00]} Rg8 {[%emt 0:00:00]} 31. Qf5 {[%emt 0:00:00]} Rhg7 {[%emt 0:00:
00]} 32. Bh5 {[%emt 0:00:31]} Kb8 {[%emt 0:02:30]} 33. Nf6 {[%emt 0:01:29]}
Rxg5 {[%emt 0:00:30]} 34. Nxd5 {[%emt 0:00:30]} Rxf5 {[%emt 0:00:00]} 35. Nxc7
{[%emt 0:00:30]} Rxf2 {[%emt 0:00:00]} 36. Na6+ {[%emt 0:00:30]} Ka7 {[%emt 0:
00:00]} 37. Kxf2 {[%emt 0:00:00]} Kxa6 {[%emt 0:00:00]} 38. Nd2 {[%emt 0:01:00]
} Rh8 {[%emt 0:00:00]} 39. Be2+ {[%emt 0:00:00]} b5 {[%emt 0:03:00]} 40. Ne4 {
[%emt 0:01:00]} Rh2+ {[%emt 0:00:00]} 41. Ke1 {[%emt 0:30:30]} Kb6 {[%emt 0:06:
53]} 42. Kd1 a4 {[%emt 0:24:37]} 43. Kd2 {[%emt 0:01:00]} Kc7 {[%emt 0:00:00]}
44. g4 Kd7 {[%emt 0:01:00]} 45. Kd3 {[%emt 0:01:00]} Ke7 {[%emt 0:00:30]} 46.
Kd2 {[%emt 0:00:00]} Nc7 {[%emt 0:00:00]} 47. Ng5 {[%emt 0:01:00]} b4 {[%emt 0:
00:00]} 48. Ne4 {[%emt 0:00:00]} Nd5 {[%emt 0:00:00]} 49. Nc5 {[%emt 0:00:00]}
a3 {[%emt 0:02:00]} 50. bxa3 {[%emt 0:01:30]} Nc3 {[%emt 0:00:30]} 51. axb4 {
[%emt 0:00:00]} Nxe2 {[%emt 0:00:00]} 52. Kd3 {[%emt 0:01:00]} Nc1+ {[%emt 0:
01:00]} 53. Kc3 {[%emt 0:00:30]} Rg2 {[%emt 0:00:30]} 54. e4 {[%emt 0:00:30]}
Rg3+ {[%emt 0:00:30]} 55. Kc4 {[%emt 0:00:00]} Ne2 56. Nd3 {[%emt 0:01:00]} Kd6
{[%emt 0:01:00]} 57. g5 {[%emt 0:00:00]} Kc7 58. d5 cxd5+ {[%emt 0:00:00]} 59.
exd5 {[%emt 0:00:00]} Rxg5 {[%emt 0:00:00]} 60. Nc5 {[%emt 0:00:00]} Rg4+ {
[%emt 0:00:00]} 61. Kd3 {[%emt 0:00:00]} Nf4+ {[%emt 0:00:00]} 62. Ke4 {
[%emt 0:00:00]} Ng6+ {[%emt 0:00:00]} 63. Kf5 {[%emt 0:00:00]} Rf4+ {[%emt 0:
00:00]} 64. Kg5 {[%emt 0:00:00]} Kd6 {[%emt 0:00:00]} 65. Nd3 {[%emt 0:00:00]}
Rd4 {[%emt 0:00:00]} 66. Nf2 {[%emt 0:00:00]} Rxb4 {[%emt 0:00:00]} 67. Ng4 {
[%emt 0:00:00]} Rxg4+ {[%emt 0:00:00]} 68. Kxg4 {[%emt 0:00:00]} Kxd5 {[%emt 0:
00:00]} 69. Kf5 {[%emt 0:00:00]} Ne5 {[%emt 0:00:00]} 0-1

[Event "25th European Club Cup Women 2021"]
[Site "Struga"]
[Date "2021.09.20"]
[Round "3.7"]
[White "Urh, Zala"]
[Black "Badelka, Olga"]
[Result "0-1"]
[WhiteElo "2234"]
[BlackElo "2422"]
[Annotator "NA"]
[PlyCount "86"]
[EventDate "2021.09.18"]
[EventType "team-tourn"]
[EventCountry "MKD"]
[SourceTitle "playchess.com"]
[Source "ChessBase"]
[SourceQuality "1"]
[TimeControl "40/5400+30:1800+30"]

1. d4 {[%emt 0:00:06]} Nf6 {[%emt 0:00:07]} 2. c4 {[%emt 0:00:08]} e6 {[%emt 0:
00:05]} 3. Nf3 {[%emt 0:00:07]} d5 {[%emt 0:00:10]} 4. Nc3 {[%emt 0:00:13]} Bb4
{[%emt 0:00:07]} 5. cxd5 {[%emt 0:00:07]} exd5 {[%emt 0:00:17]} 6. Bf4 {
[%emt 0:00:24]} O-O {[%emt 0:01:34]} 7. e3 {[%emt 0:00:40]} c6 {[%emt 0:03:40]}
8. Rc1 {[%emt 0:01:27]} Re8 {[%emt 0:01:21]} 9. Bd3 {[%emt 0:04:57]} Nbd7 {
[%emt 0:02:25]} 10. O-O {[%emt 0:02:34]} Nf8 {[%emt 0:01:04]} 11. a3 {[%emt 0:
03:47]} Bd6 {[%emt 0:00:39]} 12. Ne5 {[%emt 0:06:34]} Ng6 {[%emt 0:03:02]} 13.
Nxg6 {[%emt 0:06:34]} hxg6 {[%emt 0:04:49]} 14. Bg3 {[%emt 0:00:56]} Bxg3 {
[%emt 0:02:33]} 15. hxg3 {[%emt 0:00:46]} Bf5 {[%emt 0:01:42]} 16. Bxf5 {
[%emt 0:04:22]} gxf5 {[%emt 0:00:06]} 17. Qf3 {[%emt 0:00:58]} g6 {[%emt 0:01:
08]} 18. b4 {[%emt 0:02:06]} Kg7 {[%emt 0:02:46]} 19. b5 {[%emt 0:08:23]} Rc8 {
[%emt 0:06:33]} 20. bxc6 {[%emt 0:04:17]} Rxc6 {[%emt 0:00:25]} 21. Na4 {
[%emt 0:04:18]} Qd6 {[%emt 0:08:26]} 22. Rxc6 {[%emt 0:13:21]} Qxc6 {[%emt 0:
00:04]} 23. Qd1 {[%emt 0:00:14]} b6 {[%emt 0:01:59]} 24. Nb2 {[%emt 0:05:36]}
Qc3 {[%emt 0:01:35]} 25. Qa1 {[%emt 0:01:12]} Rh8 {[%emt 0:11:36]} 26. Rd1 {
[%emt 0:08:39]} Qc2 {[%emt 0:00:29]} 27. Qc1 {[%emt 0:14:21]} Qe2 {[%emt 0:00:
12]} 28. f3 {[%emt 0:00:06]} Nh5 {[%emt 0:12:45]} 29. Qd2 {[%emt 0:03:06]} Qa6
{[%emt 0:00:06]} 30. Kf2 {[%emt 0:02:10]} Qxa3 {[%emt 0:00:35]} 31. Nd3 {
[%emt 0:00:49]} Qd6 {[%emt 0:02:16]} 32. Nf4 {[%emt 0:00:09]} Nxf4 {[%emt 0:08:
51]} 33. exf4 {[%emt 0:00:07]} b5 {[%emt 0:01:23]} 34. Qa2 {[%emt 0:01:35]} Qc6
{[%emt 0:03:53]} 35. Re1 {[%emt 0:01:06]} a6 {[%emt 0:02:04]} 36. Re5 {[%emt 0:
01:12]} Qc4 {[%emt 0:01:18]} 37. Qa1 {[%emt 0:00:16]} b4 {[%emt 0:02:03]} 38.
g4 {[%emt 0:00:12]} fxg4 {[%emt 0:06:55]} 39. fxg4 {[%emt 0:00:10]} b3 {
[%emt 0:01:31]} 40. f5 {[%emt 0:00:00]} Rb8 {[%emt 0:00:00]} 41. fxg6 {[%emt 0:
04:05]} b2 {[%emt 0:01:47]} 42. Qh1 {[%emt 0:00:13]} Qxd4+ {[%emt 0:00:23]} 43.
Re3 {[%emt 0:00:05]} Rh8 {[%emt 0:01:19]} 0-1

[Event "25th European Club Cup Women 2021"]
[Site "Struga"]
[Date "2021.09.20"]
[Round "3.8"]
[White "Solozhenkina, Elizaveta"]
[Black "Vidic, Teja"]
[Result "1-0"]
[WhiteElo "2311"]
[BlackElo "2172"]
[Annotator "TA"]
[PlyCount "125"]
[EventDate "2021.09.18"]
[EventType "team-tourn"]
[EventCountry "MKD"]
[SourceTitle "playchess.com"]
[Source "ChessBase"]
[SourceQuality "1"]

{[%evp 26,125,36,35,17,14,4,5,6,12,8,0,0,0,0,0,0,0,0,-6,0,0,0,0,16,0,0,0,6,0,4,
0,6,6,7,0,0,0,11,11,12,12,15,14,14,2,4,8,20,0,0,0,0,0,0,0,0,0,0,0,0,0,0,0,0,0,
0,0,0,0,0,0,0,0,0,0,0,0,0,0,0,0,0,0,143,143,12833,12831,147,147,12839,12840,
12845,12845,12846,12847,12847,12847,12848,12848,12849,12849]} 1. e4 e5 2. Nf3
Nc6 3. Bb5 a6 4. Ba4 Nf6 5. O-O Be7 6. Re1 b5 7. Bb3 O-O 8. c3 d5 9. exd5 Nxd5
10. Nxe5 Nxe5 11. Rxe5 c6 12. d3 Bd6 13. Re1 Bf5 14. Qf3 Qf6 {C89: Closed Ruy
Lopez: Marshall Attack.} 15. Bxd5 (15. Nd2 {keeps more tension.} Qg6 16. Bxd5
cxd5 17. Nf1 Bxd3 18. Qxd5 Rfd8 19. Qf3) 15... cxd5 16. Bf4 Bxf4 {The position
is equal.} 17. Qxf4 d4 $1 18. Qxd4 Qxd4 19. cxd4 Rfd8 20. Nc3 Rxd4 21. Rad1
Rad8 {[#]} 22. a3 $146 (22. Re2 {is more complex.} Kf8 23. f3 b4 24. Na4 Rxd3
25. Rxd3 Rxd3 26. Kf2) ({Predecessor:} 22. Ne2 Rxd3 23. Rxd3 Rxd3 24. Nd4 Be6
25. Nxe6 fxe6 26. Kf1 Kf7 27. Ke2 Rd5 28. Rc1 b4 29. Rc7+ Kf6 30. Rb7 a5 {
1/2-1/2 (30) Sapale,S (2136)-To,N (2388) Budapest 2019}) 22... h6 23. f3 Bxd3
24. Rd2 Bf5 25. Rxd4 Rxd4 $11 {[%mdl 4096] Endgame KRB-KRN} 26. Rd1 Rc4 27. Kf2
Kf8 28. Rd6 Be6 29. Rb6 Ke7 30. Ke3 Bc8 31. Kd3 Kd7 {Hoping for ...Rxc3+!} 32.
a4 $1 Rc6 33. Rxc6 Kxc6 34. axb5+ axb5 {KB-KN} 35. b4 Be6 36. Kd4 Bc4 37. Nd1
Kd6 38. Ne3 Be6 39. h4 Bd7 40. Nd5 Bc6 41. Ne3 {And now Nf5+ would win.} Bd7
42. Nf1 g5 43. hxg5 hxg5 44. Ng3 {aiming for Ne4+.} f5 45. Ne2 Be6 46. Nc3 Bd7
47. Nd5 Bc6 48. Ne3 Bd7 49. Nd1 Be6 50. Nf2 Bc4 51. Nh3 Bf1 52. Nxg5 Bxg2 53.
f4 Bd5 54. Nh7 Bc6 {[#]} (54... Bc4 $11 {keeps the balance.}) 55. Nf6 $1 $16
Ke6 $2 {[%mdl 8192] [#]} (55... Bf3 $16) 56. Kc5 $1 $18 Bf3 {[#]} 57. Ne8 $1
Kf7 $2 {[%mdl 8192] Black cannot hold the game after this.} (57... Ke7 $16 58.
Nd6 Bg4 59. Nxb5 Ke6) 58. Nd6+ {White is clearly winning.} Kg6 59. Nxb5 Kh5 60.
Kd4 Kg4 61. Ke5 Be2 62. Nd6 Bd3 63. b5 {Weighted Error Value: White=0.02/
Black=0.03} 1-0

[Event "25th European Club Cup Women 2021"]
[Site "Struga"]
[Date "2021.09.20"]
[Round "3.9"]
[White "Salimova, Nurgyul"]
[Black "Abdumalik, Zhansaya"]
[Result "0-1"]
[WhiteElo "2362"]
[BlackElo "2502"]
[Annotator "TA"]
[PlyCount "214"]
[EventDate "2021.09.18"]
[EventType "team-tourn"]
[EventCountry "MKD"]
[SourceTitle "playchess.com"]
[Source "ChessBase"]
[SourceQuality "1"]

{[%evp 14,214,0,0,0,0,3,2,16,18,150,144,235,227,248,166,166,163,153,106,103,75,
58,58,63,44,54,58,90,79,122,108,108,87,102,121,113,88,92,87,130,145,128,116,
105,102,140,75,66,30,33,13,0,0,30,16,24,8,59,0,86,87,215,-202,-202,-312,-309,
-277,-281,-284,-263,-233,-198,-114,-122,-86,0,0,0,-25,-25,-197,0,-194,-197,
-193,-190,-197,-198,-203,-199,-199,-195,-189,-189,-195,-189,-187,-189,-185,
-194,-199,-197,-184,-193,-371,-345,-331,-304,-303,-288,-828,-833,-745,-627,
-377,-356,-1181,-1168,-1094,-996,-653,-620,-611,-601,-1371,-1356,-1334,-1016,
-991,-527,-9630,-8002,-5197,-2310,-1242,-1131,-29976,-29977,-29977,-29978,
-29978,-29982,-29982,-29981,-29981,-29981,-29981,-29982,-29982,-29981,-29981,
-29982,-29982,-29982,-29981,-29981,-29983,-29984,-29984,-29984,-29984,-29976,
-29976,-29977,-29977,-29978,-29978,-29976,-29976,-29976,-29976,-29977,-29977,
-29974,-29973,-29975,-29975,-29976,-29976,-29972,-29979,-29980,-29980,-29981,
-29984,-29985,-29985,-29986,-29988,-29989,-29990,-29991,-29991,-29992,-29992,
-29993,-29993,-29993,-29993,-29994,-29996,-29997]} 1. d4 Nf6 2. c4 e6 3. Nf3 d5
4. g3 dxc4 5. Bg2 Nc6 6. O-O Rb8 7. Nc3 b5 8. Ne5 Nxe5 {E04: Open Catalan: 5
Nf3.} ({Don't go for} 8... Nxd4 $2 9. e3 $18) 9. dxe5 Nd7 10. Qc2 Nxe5 {
The position is equal.} 11. Be3 {[#]} c5 $146 (11... a6 $11) ({Predecessor:} 
11... Bb7 12. Bxb7 Rxb7 13. Qe4 b4 14. Qxb7 bxc3 15. Qb5+ Nd7 16. bxc3 Bd6 17.
Bxa7 h5 {1-0 (34) Bai,J (2444)-Socko,B (2617) London 2014}) 12. Bf4 $1 $16 {
[%cal Rf4e5]} Qc7 (12... f6 $16) 13. a4 $18 f6 14. Nxb5 Qb6 15. Bxe5 fxe5 16.
Qxc4 Be7 17. Rad1 O-O 18. Rd2 a6 19. Nc3 Qb4 20. Qa2 c4 21. Qb1 Rd8 22. Rxd8+
Bxd8 23. Qe4 Qc5 24. Rd1 Ba5 25. Qc2 Qb4 26. Ne4 Qxb2 27. Qxc4 Qb3 28. Qc1 Qxa4
29. h4 Bb6 30. Rd6 $40 {[%mdl 128] White has strong attack.} ({Better is} 30.
Qd2 $1 {[%cal Rd2d6]} Ba5 31. Qd6) 30... Qe8 $16 31. h5 {[%mdl 1024] Threatens
to win with h6. White has compensation.} h6 32. g4 Qf8 33. e3 Bd8 34. Rc6 Bh4
35. Qc2 a5 ({Black should play} 35... Be7 $11) 36. Nc5 (36. g5 $1 $14) 36...
Qf7 (36... a4 $11) 37. Be4 a4 (37... Qf8 $16) 38. Nxa4 $4 {[%mdl 8192]} (38.
Nd3 $1 $18 {was the only winning move.} Bd7 39. Rc7 (39. Nxe5 $2 Qxf2+ 40. Qxf2
Bxf2+ 41. Kf1 Bxc6 $19)) 38... Bb7 $19 {[%cal Rb7c6]} 39. Rc4 (39. f3 {only
move.} Bxc6 40. Qxc6) 39... Bxe4 $1 40. Rxe4 Qf3 {( -> ...Bxf2+!)} 41. Nc3 Rf8
{[%cal Rh4f2]} 42. Nd1 {[#]} Bxf2+ $1 {[%mdl 576] Remove Defender} 43. Nxf2 {
aiming for Nh1.} Qg3+ 44. Kf1 Qh3+ (44... Qh2 $17 {Strongly threatening ...
Qh1+.} 45. Qd2 Qh1+ 46. Ke2 Qf3+ 47. Ke1 Qg2) 45. Kg1 $11 Qg3+ 46. Kf1 Qh2 47.
Rc4 $2 {Black continues to play with concentration.} (47. Qd2 $1 $11 {and
White is okay.}) 47... Qh1+ $1 $19 48. Ke2 Qg2 49. Rc8 {Hoping for Rxf8+.}
Qxf2+ {[%mdl 4096] Endgame KQR-KQR} 50. Kd3 Qf1+ 51. Kd2 Qg2+ 52. Ke1 Qxg4 53.
Rxf8+ Kxf8 {KQ-KQ} 54. Qc5+ Kf7 55. Qxe5 {[#]} Qg5 $1 {[%cal Rg5e5]} 56. Qc7+
Kf6 57. Qd8+ Kf5 58. Qd3+ Kg4 59. Qe2+ $2 (59. Qe4+ {was the only defense.}
Kxh5 60. Qxe6) 59... Kh3 {White must now prevent ...Qg1+.} 60. Qf1+ Kh4 {
...Qa5+ is the strong threat.} 61. Qh1+ Kg3 62. Qg1+ $2 (62. Kd2) 62... Kf3 {
[%mdl 64] Discovered Attack} 63. Qf2+ Ke4 64. Qc2+ Kxe3 {[%cal Rg5g1]} 65. Qc3+
$2 (65. Qe2+ Kf4 66. Qf2+ Kg4 67. Qe2+ Kf5 68. Qd3+ Kf6 69. Qd8+ Ke5 70. Qc7+
Kf5 71. Qc2+ Kf6 72. Qf2+ Qf5 73. Qh4+ Kf7 74. Kd1) 65... Ke4 66. Qc4+ Kf5 67.
Qd3+ Kg4 68. Qe2+ Kg3 69. Qf2+ {[#]} Kh3 $1 70. Qf1+ Qg2 71. Qf7 Kh4 72. Qxe6
Kxh5 73. Qf7+ g6 (73... Kh4 $142 74. Qf4+ Kh3) 74. Qc7 g5 75. Qf7+ Kh4 {
Black mates.} 76. Qf6 h5 77. Qe7 Kh3 78. Qe3+ Qg3+ {[%mdl 64] Double Attack}
79. Kf1 g4 80. Qd2 h4 81. Qc2 Qf4+ 82. Kg1 Qd4+ 83. Kf1 Qa1+ 84. Ke2 g3 85.
Qf5+ Kh2 86. Qf4 h3 87. Qd6 Qb2+ 88. Kf3 Qf2+ 89. Kg4 Qe2+ 90. Kh4 Qe4+ 91. Kg5
Kg2 92. Qd2+ Kf1 93. Qd1+ Kf2 94. Qd2+ Qe2 95. Qf4+ Kg2 96. Kh4 Qe1 97. Qf5 h2
98. Qd5+ Kg1 99. Qd4+ Kh1 100. Qd5+ g2+ 101. Kh3 Qe3+ 102. Kh4 Kg1 103. Qd1+
Kf2 104. Qc2+ Kf1 105. Qc4+ Qe2 106. Qf4+ Qf2+ {[%mdl 64] Double Attack} 107.
Kh3 h1=Q+ {Weighted Error Value: White=0.37/Black=0.20} 0-1

[Event "25th European Club Cup Women 2021"]
[Site "Struga"]
[Date "2021.09.20"]
[Round "3.10"]
[White "Muzychuk, Mariya"]
[Black "Radeva, Viktoria"]
[Result "1-0"]
[WhiteElo "2540"]
[BlackElo "2350"]
[Annotator "ChessBase"]
[PlyCount "115"]
[EventDate "2021.09.18"]
[EventType "team-tourn"]
[EventCountry "MKD"]
[SourceTitle "playchess.com"]
[Source "ChessBase"]
[SourceQuality "1"]
[TimeControl "40/5400+30:1800+30"]

1. e4 {[%emt 0:00:03]} c5 {[%emt 0:00:05]} 2. Nf3 {[%emt 0:00:07]} e6 {[%emt 0:
00:05]} 3. d4 {[%emt 0:00:34]} cxd4 {[%emt 0:00:07]} 4. Nxd4 {[%emt 0:00:03]}
a6 {[%emt 0:00:08]} 5. Bd3 {[%emt 0:00:54]} Nf6 {[%emt 0:00:43]} 6. O-O {
[%emt 0:00:32]} d6 {[%emt 0:00:49]} 7. c4 {[%emt 0:00:40]} g6 {[%emt 0:03:47]}
8. Nc3 {[%emt 0:00:22]} Bg7 {[%emt 0:00:18]} 9. Nf3 {[%emt 0:00:33]} O-O {
[%emt 0:03:40]} 10. Be2 {[%emt 0:00:15]} Qc7 {[%emt 0:03:40]} 11. Bf4 {[%emt 0:
00:23]} Rd8 {[%emt 0:10:16]} 12. Qd2 {[%emt 0:00:09]} e5 {[%emt 0:04:57]} 13.
Bg5 {[%emt 0:04:15]} Be6 {[%emt 0:01:09]} 14. Rfd1 {[%emt 0:01:47]} Nc6 {
[%emt 0:05:46]} 15. Rac1 {[%emt 0:00:52]} Ne7 {[%emt 0:02:07]} 16. h3 {[%emt 0:
07:27]} Rac8 {[%emt 0:03:57]} 17. b3 {[%emt 0:01:26]} b6 {[%emt 0:12:46]} 18.
Qe3 {[%emt 0:25:55]} Qb7 {[%emt 0:05:28]} 19. Ne1 {[%emt 0:03:56]} Rd7 {
[%emt 0:06:18]} 20. Nc2 {[%emt 0:01:49]} Ne8 {[%emt 0:14:11]} 21. Nb4 {[%emt 0:
06:01]} Nc6 {[%emt 0:02:25]} 22. Nxc6 {[%emt 0:04:12]} Rxc6 {[%emt 0:00:16]}
23. Nd5 {[%emt 0:03:43]} Bxd5 {[%emt 0:04:56]} 24. cxd5 {[%emt 0:01:22]} Rxc1 {
[%emt 0:01:10]} 25. Rxc1 {[%emt 0:00:04]} f6 {[%emt 0:02:12]} 26. Bh4 {[%emt 0:
01:41]} Rc7 {[%emt 0:01:54]} 27. Rxc7 {[%emt 0:04:00]} Nxc7 {[%emt 0:00:08]}
28. f3 {[%emt 0:00:25]} b5 {[%emt 0:02:56]} 29. Bf2 {[%emt 0:00:33]} Kf7 {
[%emt 0:02:33]} 30. Qb6 {[%emt 0:00:22]} Qxb6 {[%emt 0:00:11]} 31. Bxb6 {
[%emt 0:00:03]} Na8 {[%emt 0:01:42]} 32. Ba5 {[%emt 0:00:32]} Bh6 {[%emt 0:00:
46]} 33. Kf2 {[%emt 0:00:46]} Bc1 {[%emt 0:01:37]} 34. a4 {[%emt 0:00:06]} Ba3
{[%emt 0:00:31]} 35. axb5 {[%emt 0:00:59]} Bc5+ {[%emt 0:00:05]} 36. Kf1 {
[%emt 0:00:58]} axb5 {[%emt 0:00:05]} 37. Bxb5 {[%emt 0:00:06]} Nb6 {[%emt 0:
00:28]} 38. Ke2 {[%emt 0:01:52]} Ke7 {[%emt 0:00:42]} 39. Bd2 {[%emt 0:02:45]}
Kd8 {[%emt 0:04:00]} 40. g3 {[%emt 0:00:00]} Nc8 {[%emt 0:00:00]} 41. f4 {
[%emt 0:08:47]} Ke7 {[%emt 0:10:01]} 42. Kf3 {[%emt 0:01:04]} Nb6 {[%emt 0:01:
31]} 43. Bc6 {[%emt 0:00:47]} Nc8 {[%emt 0:02:46]} 44. h4 {[%emt 0:00:36]} Bd4
{[%emt 0:03:37]} 45. f5 {[%emt 0:00:39]} Kf7 {[%emt 0:02:32]} 46. Bd7 {[%emt 0:
03:29]} Nb6 {[%emt 0:01:44]} 47. Be6+ {[%emt 0:00:25]} Ke7 {[%emt 0:04:27]} 48.
g4 {[%emt 0:00:40]} Nd7 {[%emt 0:01:16]} 49. Bxd7 {[%emt 0:01:29]} Kxd7 {
[%emt 0:00:04]} 50. fxg6 {[%emt 0:00:06]} hxg6 {[%emt 0:00:04]} 51. h5 {
[%emt 0:00:05]} gxh5 {[%emt 0:00:21]} 52. gxh5 {[%emt 0:00:03]} Ke7 {[%emt 0:
00:15]} 53. Kg4 {[%emt 0:00:13]} Kf7 {[%emt 0:00:12]} 54. Kf5 {[%emt 0:00:07]}
Bc5 {[%emt 0:00:38]} 55. b4 {[%emt 0:00:16]} Bd4 {[%emt 0:00:11]} 56. b5 {
[%emt 0:00:26]} Bb6 {[%emt 0:00:22]} 57. h6 {[%emt 0:00:12]} Bc7 {[%emt 0:00:
12]} 58. Be3 {[%emt 0:00:10]} 1-0